00739nam a2200253 a 4500001001300000003000900013005001700022008004100039020001000080082001300090100002100103245004300124260004900167300000900216500003500225505001000260650002500270650002800295700002100323902000800344942000700352952010900359999001700468nice12345678IN_TiNIC20260116013531.0050524s1986 newa grp 000 0 eng  ac41400a291bLEE aLeeuw, G Van Der aReligion in Essence and Manifestation. aNew JersybPrinceston University Pressc1986 a727p aincludes index and biblioraphy2 aIndex aComparative Religion aReligion-Historiography1 aLeeuw, G Van Der bSRS cBK 00104070aHMIbHMId2007-07-20g414.00l5m2o291 LEEp015040r2019-10-01s2019-09-19w2026-01-16yEB c11359d11359